The philosophy of Śrī Svāminārāyaṇa
| Main Author: | |
|---|---|
| Format: | Print Book |
| Language: | English |
| Subito Delivery Service: | Order now. |
| Check availability: | HBZ Gateway |
| WorldCat: | WorldCat |
| Interlibrary Loan: | Interlibrary Loan for the Fachinformationsdienste (Specialized Information Services in Germany) |
| Published: |
Ahmedabad
L. D. Inst. of Indology
1972
|
| In: |
L. D. series / Lalbhai Dalpatbhai Institute of Indology (32)
Year: 1972 |
| Edition: | 1. ed. |
| Series/Journal: | L. D. series
32 |
| Standardized Subjects / Keyword chains: | B
Swāmī-Nārāyaṇī'
B Sahajanand Svami, 1781-1830 1781-1830 / Philosophy |
| Further subjects: | B
Sahajananda
|
MARC
| LEADER | 00000cam a2200000 c 4500 | ||
|---|---|---|---|
| 001 | 1149423935 | ||
| 003 | DE-627 | ||
| 005 | 20251225181209.0 | ||
| 007 | tu | ||
| 008 | 990825s1972 ii ||||| 00| ||eng c | ||
| 010 | |a 72903230 /SA | ||
| 035 | |a (DE-627)1149423935 | ||
| 035 | |a (DE-576)079423930 | ||
| 035 | |a (DE-599)BSZ079423930 | ||
| 035 | |a (OCoLC)246072314 | ||
| 035 | |a (OCoLC)00549246 | ||
| 040 | |a DE-627 |b ger |c DE-627 |e rakwb | ||
| 041 | |a eng | ||
| 044 | |c XB-IN | ||
| 050 | 0 | |a B5134.S256Y3 | |
| 082 | 0 | |a 181/.4 | |
| 084 | |a 6,24 |a 0 |2 ssgn | ||
| 084 | |a 18.68 |2 bkl | ||
| 100 | 1 | |8 1\p |0 (DE-588)1060240068 |0 (DE-627)799341045 |0 (DE-576)416342213 |4 aut |a Yajnik, Jayendrakumar Anandji | |
| 109 | |a Yajnik, Jayendrakumar Anandji |a Yajnik, J. A. | ||
| 245 | 1 | 4 | |a The philosophy of Śrī Svāminārāyaṇa |c by Jayendrakumar Anandji Yajnik |
| 250 | |a 1. ed. | ||
| 264 | 1 | |a Ahmedabad |b L. D. Inst. of Indology |c 1972 | |
| 300 | |a XVI, 183 S. | ||
| 336 | |a Text |b txt |2 rdacontent | ||
| 337 | |a ohne Hilfsmittel zu benutzen |b n |2 rdamedia | ||
| 338 | |a Band |b nc |2 rdacarrier | ||
| 490 | 1 | |a L. D. series |v 32 | |
| 502 | |a Zugl.: Baroda, Univ., Diss. | ||
| 583 | 1 | |a Archivierung prüfen |c 20200919 |f DE-640 |z 2 |2 pdager | |
| 583 | 1 | |a Archivierung/Langzeitarchivierung gewährleistet |f SSG |x XA-DE-BW |2 pdager |5 DE-21 | |
| 583 | 1 | |a Archivierung/Langzeitarchivierung gewährleistet |f SSG |x XA-DE-BW |2 pdager |5 DE-16-77 | |
| 583 | 1 | |a Archivierung prüfen |c 20240324 |f DE-4165 |z 1 |2 pdager | |
| 600 | 1 | 0 | |a Sahajananda |
| 689 | 0 | 0 | |d s |0 (DE-588)4683663-9 |0 (DE-627)337405778 |0 (DE-576)215000188 |2 gnd |a Swāmī-Nārāyaṇī |
| 689 | 0 | |5 (DE-627) | |
| 689 | 1 | 0 | |d p |0 (DE-588)11935375X |0 (DE-627)696015226 |0 (DE-576)211742031 |2 gnd |a Sahajanand Svami |c 1781-1830 |d 1781-1830 |
| 689 | 1 | 1 | |d s |0 (DE-588)4045791-6 |0 (DE-627)106200259 |0 (DE-576)209066873 |2 gnd |a Philosophie |
| 689 | 1 | |5 (DE-627) | |
| 751 | |a Baroda |4 pup | ||
| 810 | 2 | |a Lalbhai Dalpatbhai Institute of Indology |g Ahmedabad |t L. D. series / Lalbhai Dalpatbhai Institute of Indology |v 32 |9 32 |w (DE-627)171244591 |w (DE-576)917124459X |w (DE-600)1169534-1 |7 am | |
| 883 | |8 1\p |a cgwrk |d 20250301 |q DE-101 |u https://d-nb.info/provenance/plan#cgwrk | ||
| 889 | |w (DE-627)243315090 | ||
| 935 | |a mteo | ||
| 935 | |i mdedup | ||
| 936 | b | k | |a 18.68 |j Mittelindische Sprachen und Literaturen |j neuindische Sprachen und Literaturen |0 (DE-627)106423150 |
| 951 | |a BO | ||
| ELC | |b 1 | ||
| ITA | |a 1 |t 1 | ||
| LOK | |0 000 xxxxxcx a22 zn 4500 | ||
| LOK | |0 001 2363367618 | ||
| LOK | |0 003 DE-627 | ||
| LOK | |0 004 1149423935 | ||
| LOK | |0 005 19990914000000 | ||
| LOK | |0 008 990825||||||||||||||||ger||||||| | ||
| LOK | |0 040 |a DE-21 |c DE-627 |d DE-21 | ||
| LOK | |0 852 |a DE-21 | ||
| LOK | |0 852 1 |c 14 A 8766 |9 00 | ||
| LOK | |0 935 |a konv | ||
| LOK | |0 939 |a 25-08-99 |b l01 | ||
| LOK | |0 000 xxxxxcx a22 zn 4500 | ||
| LOK | |0 001 4426786924 | ||
| LOK | |0 003 DE-627 | ||
| LOK | |0 004 1149423935 | ||
| LOK | |0 005 20231218173018 | ||
| LOK | |0 008 231205||||||||||||||||ger||||||| | ||
| LOK | |0 040 |a DE-Tue135 |c DE-627 |d DE-Tue135 | ||
| LOK | |0 092 |o n | ||
| LOK | |0 852 |a DE-Tue135 | ||
| LOK | |0 852 1 |9 00 | ||
| LOK | |0 935 |a hdsa | ||
| LOK | |0 939 |a 05-12-23 |b l01 | ||
| ORI | |a SA-MARC-ixtheoa001.raw | ||
| REL | |a 1 | ||
| STA | 0 | 0 | |a Philosophy,Philosophy in literature,Swāmī-Nārāyaṇī' |
| STB | 0 | 0 | |a Philosophie,Philosophie,Swāmī-Nārāyaṇī,Swaminarayan,Swaminarayan |
| STC | 0 | 0 | |a Filosofía,Filosofía,Swami-Narayani |
| STD | 0 | 0 | |a Filosofia,Filosofia,Swāmī-Nārāyaṇī' <setta>,Swaminarayan (setta),Swaminarayan |
| STE | 0 | 0 | |a 哲学 |
| STF | 0 | 0 | |a 哲學 |
| STG | 0 | 0 | |a Filosofia,Filosofia,Swami-narayani |
| STH | 0 | 0 | |a Сваминараян,Философия (мотив),Философия |
| STI | 0 | 0 | |a Swāmī-Nārāyaṇī',Φιλοσοφία (μοτίβο),Φιλοσοφία |
| SUB | |a REL | ||
| SYG | 0 | 0 | |a Swami-Narayanis,Swaminarayan-Bewegung,Swāmīnārāyaṇa,Svāmī Nārāyanas,Svāmīnārāyaṇa,Swaminarayan Hinduism,Swaminarayan Religion,Svāminārāya.na sa.mpradāya,Svāmi-Nārāyaṇīyas,Swāmī Nārāyaṇ Movement,Swaminarayana-Sekte , Sahajananda Svami,1781-1830,Sahajananda, Swami,1781-1830,Sahajananda Swami,1781-1830,Swaminarayan,1781-1830,Swaminarayan,Bhagawan,1781-1830,Swaminarayan,Svāmī,1781-1830,Sahajānanda,Svāmī,1781-1830,Sahajanand,Swami,1781-1830,Swaminarayan,1781-1830,Swaminarayan,Bhagawan,1781-1830 , Philosophy,Philosophieren |



